书目信息 |
| 题名: |
21th设计--设计摄影
|
|
| 作者: | 程大利 主编 | |
| 分册: | ||
| 出版信息: | 南京 江苏美术出版社 1996.11 |
|
| 页数: | 63页 | |
| 开本: | 16开 | |
| 丛书名: | ||
| 单 册: | ||
| 中图分类: | J412.9 | |
| 科图分类: | ||
| 主题词: | 摄影技术--普及读物 , 摄影艺术--各种 | |
| 电子资源: | ||
| ISBN: | 7-5344-0636-6 | |
| 000 | 00596nam0 2200205 45 | |
| 001 | 0011202015 | |
| 005 | 20001120204330.5 | |
| 010 | @a7-5344-0636-6@d48.00元 | |
| 100 | @a20001120d1996 km y0chiy0120 ea | |
| 101 | 0 | @achi |
| 105 | @a z 000yy | |
| 200 | 1 | @a21th设计--设计摄影@A21th She Ji--She Ji She Ying@f程大利主编@FCheng Da Li Zhu Bian |
| 210 | @a南京@c江苏美术出版社@d1996.11 | |
| 215 | @a63页@d16开 | |
| 606 | 0 | @a摄影技术@x普及读物 |
| 606 | 0 | @a摄影艺术@x各种 |
| 690 | @aJ412.9@v3 | |
| 701 | 0 | @a程大利@4主编 |
| 801 | @aCN@bPftUser@c20001120 | |
| 905 | @b418225-229@dJ412.9@eCH446@f5 | |
| 21th设计--设计摄影/程大利主编.-南京:江苏美术出版社,1996.11 |
| 63页;16开 |
| ISBN 7-5344-0636-6:48.00元 |
| ● |
| 相关链接 |
|
|
|
正题名:21th设计--设计摄影
索取号:J412.9/CH446
 
预约/预借
| 序号 | 登录号 | 条形码 | 馆藏地/架位号 | 状态 | 备注 |
| 1 | 418225 | 204182259 | 自科二线404/309社科库 84排1列1层/ [索取号:J412.9/CH446] | 在馆 | |
| 2 | 418226 | 204182268 | 自科二线404/309社科库 84排1列1层/ [索取号:J412.9/CH446] | 在馆 | |
| 3 | 418227 | 204182277 | 自科二线404/309社科库 84排1列1层/ [索取号:J412.9/CH446] | 在馆 | |
| 4 | 418228 | 204182286 | 自科二线404/309社科库 84排1列1层/ [索取号:J412.9/CH446] | 在馆 | |
| 5 | 418229 | 204182295 | 自科二线404/309社科库 84排1列1层/ [索取号:J412.9/CH446] | 在馆 |